Visualizzazione normale
Vista MARC
- Ronchi, Sergio
di Personal Name
Records bibliografici associati: 1
001 - CONTROL NUMBER
- control field: 57639
003 - CONTROL NUMBER IDENTIFIER
- control field:
005 - DATE AND TIME OF LATEST TRANSACTION
- control field: 20190321095835.0
008 - FIXED-LENGTH DATA ELEMENTS
- fixed length control field: 190321|| aca||aabn | a|a d
040 ## - CATALOGING SOURCE
- Original cataloging agency:
- Transcribing agency:
100 ## - HEADING--PERSONAL NAME
- Personal name: Ronchi, Sergio
- Relator term: cur.
670 ## - SOURCE DATA FOUND
- Source citation: Work cat.: (): Michael Goulder 1927-2010 autore 57635, Le due missioni /, 2006